000 00956cam a2200301Ia 4500
001 5268012
003 ARRUPE
005 20160822104030.0
008 041214s2004 enka b 001 0 eng d
020 _a0826474268
035 _a(OCoLC)ocm57224153
035 _a(NNC)5268012
040 _aHUA
_cHUA
_dNNC
050 _aP99.4.P78T49 2004
092 _a302.2
_bT42 a
100 1 _aThibault, Paul J.
_922345
245 1 0 _aAgency and consciousness in discourse :
_bself-other dynamics as a complex system /
_cPaul J. Thibault.
260 _aLondon :
_bContinuum,
_cc2004.
300 _axii, 354 p. :
_bill. ;
_c24 cm.
504 _aIncludes bibliographical references and indexes.
650 0 _aDiscourse analysis.
_916007
650 0 _aSemiotics
_xPsychological aspects
_922349
650 0 _aSemiotics
_xSocial aspects
_922347
650 0 _aPsycholinguistics
_922350
650 0 _aConsciousness.
_922351
942 _2lcc
_cMONOGRAPH
999 _c124192
_d124192